000 00659nam a22002297a 4500
003 LK-CoMWRAF
005 20231113150728.0
008 231112b1990 |||||||| |||| 00| 0 eng d
020 _a0060467045
040 _aLK-CoMWRAF
_dLK-CoMWRAF
_eLK-CoMWRAF
041 _aeng
082 _a612
_bTOT
100 _aTortora, Gerard J.
245 _aPrinciples of anatomy and physiology
250 _a6th ed.
260 _aNew York:
_bHarper Collins,
_c1990
300 _axxiv, 956, [92] p. : ill. (some col.) ; 29 cm.
_bGlossary and index included
650 _aHUMAN PHYSIOLOGY
650 _aHUMAN ANATOMY
700 _aAnagnostakos, Nicholas P.
942 _cBK
999 _c4074
_d4074